[Event "ROM-chT (Women)"]
[Site "Mamaia"]
[Date "2013.09.04"]
[Round "5.2"]
[White "Baciu, Anca Otilia"]
[Black "Sonfalean, Maria Laura"]
[Result "1-0"]
[WhiteElo "2126"]
[BlackElo "1581"]
[PlyCount "45"]
[EventDate "2013.08.31"]
[EventType "team-tourn"]
[EventRounds "9"]
[EventCountry "ROU"]
[SourceTitle "CBM 156 Extra"]
[Source "ChessBase"]
[SourceDate "2013.10.22"]
[SourceVersion "1"]
[SourceVersionDate "2013.10.22"]
[SourceQuality "1"]
[WhiteTeam "Bucharest Central CC (W)"]
[BlackTeam "Tigru Mures (W)"]
[WhiteTeamCountry "ROU"]
[BlackTeamCountry "ROU"]

1. e4 e5 2. Nf3 Nc6 3. Bb5 a6 4. Ba4 Nf6 5. d3 b5 6. Bb3 Be7 7. 0-0 d6 8. c3 Na5 9. Bc2 c5 10. Re1 0-0 11. Nbd2 Nc6 12. Nf1 Qc7 13. Ne3 Be6 14. d4 cxd4 15. cxd4 Nb4 16. Bb1 Bd7 17. dxe5 dxe5 18. a3 Nc6 19. Nd5 Qd6 20. h3 h6 21. Nxf6+ gxf6 22. Qxd6 Bxd6 23. Rd1 1-0

[Event "ROM-chT (Women)"]
[Site "Mamaia"]
[Date "2013.09.02"]
[Round "3.2"]
[White "Baciu, Anca Otilia"]
[Black "Uta, Adeline Ramona"]
[Result "1/2-1/2"]
[WhiteElo "2126"]
[BlackElo "2081"]
[PlyCount "50"]
[EventDate "2013.08.31"]
[EventType "team-tourn"]
[EventRounds "9"]
[EventCountry "ROU"]
[SourceTitle "CBM 156 Extra"]
[Source "ChessBase"]
[SourceDate "2013.10.22"]
[SourceVersion "1"]
[SourceVersionDate "2013.10.22"]
[SourceQuality "1"]
[WhiteTeam "Bucharest Central CC (W)"]
[BlackTeam "Lugoj (W)"]
[WhiteTeamCountry "ROU"]
[BlackTeamCountry "ROU"]

1. e4 c5 2. Nf3 d6 3. d4 cxd4 4. Nxd4 Nf6 5. Nc3 a6 6. Bc4 e6 7. Bb3 Be7 8. 0-0 b5 9. f4 Bb7 10. Be3 b4 11. Nd5 exd5 12. e5 dxe5 13. fxe5 0-0 14. exf6 Bxf6 15. c3 bxc3 16. bxc3 Nd7 17. Qh5 g6 18. Qh3 Rc8 19. Bh6 Bg7 20. Bxg7 Kxg7 21. Rxf7+ Kxf7 22. Qxh7+ Kf6 23. Qh4+ Kf7 24. Qh7+ Kf6 25. Qh4+ Kf7 1/2-1/2

[Event "ROM-chT (Women)"]
[Site "Mamaia"]
[Date "2013.08.31"]
[Round "1.2"]
[White "Baciu, Anca Otilia"]
[Black "Ionica, Iulia Ionela"]
[Result "0-1"]
[WhiteElo "2126"]
[BlackElo "2195"]
[PlyCount "80"]
[EventDate "2013.08.31"]
[EventType "team-tourn"]
[EventRounds "9"]
[EventCountry "ROU"]
[SourceTitle "CBM 156 Extra"]
[Source "ChessBase"]
[SourceDate "2013.10.22"]
[SourceVersion "1"]
[SourceVersionDate "2013.10.22"]
[SourceQuality "1"]
[WhiteTeam "Bucharest Central CC (W)"]
[BlackTeam "Sinandrei (W)"]
[WhiteTeamCountry "ROU"]
[BlackTeamCountry "ROU"]

1. e4 c5 2. Nf3 e6 3. d4 cxd4 4. Nxd4 Nf6 5. Nc3 d6 6. Be2 Be7 7. f4 Nc6 8. Be3 0-0 9. Bf3 Bd7 10. Qe2 Nxd4 11. Bxd4 Bc6 12. 0-0-0 Qa5 13. Kb1 Rac8 14. g4 Nd7 15. Nd5 exd5 16. exd5 Ba4 17. Qxe7 Bxc2+ 18. Ka1 Bxd1 19. Rxd1 Qc7 20. Bc3 Rce8 21. Qg5 f6 22. Qf5 Nc5 23. g5 Qd7 24. Qc2 fxg5 25. Bh5 Re7 26. fxg5 Qa4 27. b3 Qe4 28. Qd2 Qf4 29. Qg2 Ne4 30. Bb4 Qe5+ 31. Qb2 Qxg5 32. Be2 Qe5 33. Qxe5 Rxe5 34. Bd3 Nc5 35. Bc4 Ne4 36. Bd3 Rd8 37. Re1 Nf6 38. Rxe5 dxe5 39. Bc4 b5 40. Bxb5 Nxd5 0-1

[Event "Cap Aurora op"]
[Site "Cap Aurora"]
[Date "2013.06.28"]
[Round "8"]
[White "Baciu, Anca Otilia"]
[Black "Gilea, Lucian"]
[Result "0-1"]
[WhiteElo "2127"]
[BlackElo "2292"]
[PlyCount "78"]
[EventDate "2013.06.22"]
[EventType "swiss"]
[EventRounds "9"]
[EventCountry "ROU"]
[SourceTitle "CBM 155 Extra"]
[Source "ChessBase"]
[SourceDate "2013.08.26"]
[SourceVersion "1"]
[SourceVersionDate "2013.08.26"]
[SourceQuality "1"]

1. e4 c5 2. Nf3 e6 3. d4 cxd4 4. Nxd4 a6 5. Nc3 Qc7 6. Bd3 Nf6 7. 0-0 Bc5 8. Nb3 Be7 9. Qe2 d6 10. a4 b6 11. f4 Nbd7 12. Kh1 Bb7 13. Bd2 h5 14. Rf3 h4 15. Rh3 e5 16. Rf1 Bc6 17. fxe5 Nxe5 18. Bg5 Nxd3 19. Qxd3 Rh5 20. Bxf6 Bxf6 21. Nd4 Bb7 22. Nde2 Bxc3 23. Nxc3 Rc8 24. Qf3 g6 25. Qf4 Qe7 26. Rd1 Rd8 27. Rhd3 Re5 28. Rd4 Kf8 29. h3 Kg7 30. Nd5 Bxd5 31. exd5 Re2 32. R4d2 Re4 33. Qf1 Re8 34. c4 Qg5 35. Rf2 f5 36. b4 Qg3 37. c5 bxc5 38. bxc5 dxc5 39. Qxa6 Qxf2 0-1

[Event "ROM-chT (Women)"]
[Site "Mamaia"]
[Date "2012.09.29"]
[Round "7.2"]
[White "Florea, Dorina"]
[Black "Baciu, Anca Otilia"]
[Result "1/2-1/2"]
[WhiteElo "1904"]
[BlackElo "2118"]
[PlyCount "43"]
[EventDate "2012.09.22"]
[EventType "team-tourn"]
[EventRounds "7"]
[EventCountry "ROU"]
[SourceTitle "CBM 150 Extra"]
[Source "ChessBase"]
[SourceDate "2012.10.19"]
[SourceVersion "1"]
[SourceVersionDate "2012.10.19"]
[SourceQuality "1"]
[WhiteTeam "Arad (W)"]
[BlackTeam "Bucharest Central CC (W)"]
[WhiteTeamCountry "ROU"]
[BlackTeamCountry "ROU"]

1. e4 c5 2. Nf3 e6 3. d4 cxd4 4. Nxd4 Nf6 5. Bd3 a6 6. c4 Qc7 7. 0-0 d6 8. Nc3 Be7 9. Be3 b6 10. Rc1 Bb7 11. f4 Nbd7 12. b4 g6 13. Qe2 Rc8 14. a3 Qb8 15. h3 Qa8 16. Bd2 0-0 17. Nf3 Qb8 18. Rfe1 Rfe8 19. Be3 Bd8 20. Bd4 Nh5 21. Be3 Nhf6 22. Qf2 1/2-1/2

[Event "ROM-ch (Women)"]
[Site "Sarata Monteoru"]
[Date "2012.02.21"]
[Round "9"]
[White "Baciu, Anca Otilia"]
[Black "Cosman, Andreea Marioara"]
[Result "1-0"]
[WhiteElo "2129"]
[BlackElo "1885"]
[PlyCount "51"]
[EventDate "2012.02.13"]
[EventType "swiss"]
[EventRounds "9"]
[EventCountry "ROU"]
[SourceTitle "CBM 147 Extra"]
[Source "ChessBase"]
[SourceDate "2012.04.24"]
[SourceVersion "1"]
[SourceVersionDate "2012.04.24"]
[SourceQuality "1"]

1. e4 c5 2. Nf3 d6 3. d4 cxd4 4. Nxd4 Nf6 5. Nc3 a6 6. Bc4 b5 7. Bb3 e6 8. 0-0 Be7 9. f4 0-0 10. e5 Ne8 11. Qf3 d5 12. f5 Bc5 13. Be3 Qb6 14. Nce2 Nc6 15. Qf4 Qc7 16. Nxc6 Bxe3+ 17. Qxe3 Qxc6 18. Rad1 Rb8 19. c3 Bd7 20. Kh1 b4 21. f6 bxc3 22. bxc3 Qb6 23. Rd4 Bb5 24. Bc2 Rc8 25. Bxh7+ Kh8 26. Qh3 1-0

[Event "ROM-ch (Women)"]
[Site "Sarata Monteoru"]
[Date "2012.02.16"]
[Round "4"]
[White "Foisor, Mihaela Veronica"]
[Black "Baciu, Anca Otilia"]
[Result "1/2-1/2"]
[WhiteElo "2215"]
[BlackElo "2129"]
[PlyCount "129"]
[EventDate "2012.02.13"]
[EventType "swiss"]
[EventRounds "9"]
[EventCountry "ROU"]
[SourceTitle "CBM 147 Extra"]
[Source "ChessBase"]
[SourceDate "2012.04.24"]
[SourceVersion "1"]
[SourceVersionDate "2012.04.24"]
[SourceQuality "1"]

1. d4 Nf6 2. c4 e6 3. Nc3 Bb4 4. e3 c5 5. Bd3 Nc6 6. a3 Bxc3+ 7. bxc3 0-0 8. Ne2 b6 9. e4 Ne8 10. 0-0 Ba6 11. f4 f5 12. d5 Na5 13. e5 Qe7 14. d6 Qd8 15. Ng3 Bxc4 16. Bxc4 Nxc4 17. Qd3 Na5 18. c4 g6 19. Bd2 Nc6 20. Ne2 Ng7 21. a4 a5 22. Rfb1 Rb8 23. Rb5 g5 24. g3 gxf4 25. gxf4 Qh4 26. Kh1 Kh8 27. Rg1 Rg8 28. Be1 Qh6 29. Qf3 Nh5 30. Bh4 Rxg1+ 31. Kxg1 Rg8+ 32. Kh1 Nd4 33. Nxd4 cxd4 34. Rxb6 Qg6 35. Rb1 Qg4 36. Qxg4 Rxg4 37. Bg3 Nxg3+ 38. hxg3 Rxg3 39. Rd1 Rc3 40. Rxd4 Kg7 41. Kg2 h5 42. Rd1 Rxc4 43. Kg3 h4+ 44. Kxh4 Rxf4+ 45. Kg5 Rg4+ 46. Kh5 Re4 47. Rc1 Rxe5 48. Rc7 Rd5 49. Rxd7+ Kf6 50. Rd8 e5 51. Rf8+ Ke6 52. Kg5 f4 53. Rf6+ Kd7 54. Kf5 Kc6 55. Re6 Rxd6 56. Rxe5 f3 57. Re3 f2 58. Rf3 Rd2 59. Ke4 Kc5 60. Ke3 Ra2 61. Rxf2 Rxf2 62. Kxf2 Kb4 63. Ke2 Kxa4 64. Kd2 Kb3 65. Kc1 1/2-1/2

[Event "ROM-ch (Women)"]
[Site "Sarata Monteoru"]
[Date "2012.02.14"]
[Round "2"]
[White "L'Ami, Alina"]
[Black "Baciu, Anca Otilia"]
[Result "1-0"]
[WhiteElo "2360"]
[BlackElo "2129"]
[PlyCount "37"]
[EventDate "2012.02.13"]
[EventType "swiss"]
[EventRounds "9"]
[EventCountry "ROU"]
[SourceTitle "CBM 147 Extra"]
[Source "ChessBase"]
[SourceDate "2012.04.24"]
[SourceVersion "1"]
[SourceVersionDate "2012.04.24"]
[SourceQuality "1"]

1. d4 Nf6 2. c4 e6 3. Nc3 Bb4 4. Qc2 c5 5. dxc5 0-0 6. a3 Bxc5 7. Nf3 b6 8. Bf4 Bb7 9. Rd1 Nc6 10. e3 Nh5 11. Bg3 Rc8 12. Be2 Be7 13. Qd3 Nf6 14. e4 Na5 15. e5 Ne8 16. Qxd7 Nc7 17. 0-0 Qe8 18. b4 Nc6 19. Nb5 1-0

[Event "ROM-chT (Women)"]
[Site "Brasov"]
[Date "2011.10.16"]
[Round "9.2"]
[White "Baciu, Anca Otilia"]
[Black "Petrenko, Svetlana"]
[Result "0-1"]
[WhiteElo "2130"]
[BlackElo "2223"]
[PlyCount "94"]
[EventDate "2011.10.08"]
[EventType "team-tourn"]
[EventRounds "9"]
[EventCountry "ROU"]
[SourceTitle "CBM 144 Extra"]
[Source "ChessBase"]
[SourceDate "2011.10.28"]
[SourceVersion "1"]
[SourceVersionDate "2011.10.28"]
[SourceQuality "1"]
[WhiteTeam "Central Club de Sah (W)"]
[BlackTeam "Craiova Oltenia (W)"]
[WhiteTeamCountry "ROU"]
[BlackTeamCountry "ROU"]

1. e4 d5 2. exd5 Qxd5 3. Nc3 Qd6 4. d4 Nf6 5. Bg5 c6 6. Bc4 Be6 7. Qd3 g6 8. Nf3 Bg7 9. 0-0 Bf5 10. Qd2 0-0 11. a4 a5 12. Bf4 Qd8 13. Ne2 Nbd7 14. Ng3 Ne4 15. Nxe4 Bxe4 16. Ng5 Bf5 17. c3 Nb6 18. Bb3 Nd5 19. Bxd5 Qxd5 20. Rfe1 Rfe8 21. Qe2 h6 22. Ne4 g5 23. Bg3 Bxe4 24. Qxe4 Qxe4 25. Rxe4 f5 26. Re6 f4 27. Bxf4 gxf4 28. Rae1 Bf6 29. R1e4 Kf7 30. Kf1 Rg8 31. g3 fxg3 32. hxg3 h5 33. Ke2 Ra6 34. Kd3 Rg5 35. Re2 Ra8 36. R6e4 Rd8 37. Kc4 b5+ 38. Kb3 Rd6 39. Re1 Ke8 40. Rh1 Kd7 41. Reh4 Rdd5 42. f4 Rxg3 43. Rxh5 Rxd4 44. axb5 Rb4+ 45. Ka2 Rxb5 46. Rd1+ Kc7 47. Rh2 Rf3 0-1

[Event "ROM-chT (Women)"]
[Site "Brasov"]
[Date "2011.10.14"]
[Round "7.3"]
[White "Baciu, Anca Otilia"]
[Black "Muzychuk, Anna"]
[Result "0-1"]
[WhiteElo "2130"]
[BlackElo "2545"]
[PlyCount "72"]
[EventDate "2011.10.08"]
[EventType "team-tourn"]
[EventRounds "9"]
[EventCountry "ROU"]
[SourceTitle "CBM 144 Extra"]
[Source "ChessBase"]
[SourceDate "2011.10.28"]
[SourceVersion "1"]
[SourceVersionDate "2011.10.28"]
[SourceQuality "1"]
[WhiteTeam "Central Club de Sah (W)"]
[BlackTeam "Bucharest CSM (W)"]
[WhiteTeamCountry "ROU"]
[BlackTeamCountry "ROU"]

1. e4 c5 2. Nf3 a6 3. c4 e6 4. d4 cxd4 5. Nxd4 Nf6 6. Nc3 Bb4 7. Bd3 Nc6 8. Nxc6 dxc6 9. 0-0 e5 10. Bg5 h6 11. Bh4 Bc5 12. Na4 Bd4 13. Bxf6 Qxf6 14. c5 Be6 15. Qc2 Rd8 16. Rac1 h5 17. Bc4 h4 18. Bxe6 Qxe6 19. Qb3 Qxb3 20. axb3 h3 21. g3 0-0 22. b4 f5 23. exf5 Rxf5 24. Nc3 Rf3 25. Rc2 Rdf8 26. Re2 g6 27. Rc2 Kg7 28. Ne4 Rb3 29. Ng5 Rf5 30. Nxh3 Rxb4 31. Kg2 Bxb2 32. f3 Bd4 33. Nf2 Rf8 34. Ne4 a5 35. Ra2 a4 36. h3 Bb2 0-1

[Event "ROM-chT (Women)"]
[Site "Brasov"]
[Date "2011.10.08"]
[Round "1.5"]
[White "Cramling, Pia"]
[Black "Baciu, Anca Otilia"]
[Result "1-0"]
[WhiteElo "2489"]
[BlackElo "2130"]
[PlyCount "71"]
[EventDate "2011.10.08"]
[EventType "team-tourn"]
[EventRounds "9"]
[EventCountry "ROU"]
[SourceTitle "CBM 144 Extra"]
[Source "ChessBase"]
[SourceDate "2011.10.28"]
[SourceVersion "1"]
[SourceVersionDate "2011.10.28"]
[SourceQuality "1"]
[WhiteTeam "Timisoara Luxten (W)"]
[BlackTeam "Central Club de Sah (W)"]
[WhiteTeamCountry "ROU"]
[BlackTeamCountry "ROU"]

1. d4 Nf6 2. Nf3 e6 3. c4 b6 4. g3 Bb7 5. Bg2 Be7 6. 0-0 0-0 7. Re1 c5 8. d5 exd5 9. Nh4 g6 10. cxd5 d6 11. Nc3 Nbd7 12. e4 Re8 13. f4 Bf8 14. h3 a6 15. Be3 b5 16. Bf2 Rc8 17. Rc1 Bg7 18. Rc2 Nh5 19. Bf3 Nhf6 20. Rce2 Nb6 21. Bg2 Nfd7 22. Nf3 f6 23. h4 Rc7 24. h5 b4 25. Na4 Nxa4 26. Qxa4 Nb6 27. Qc2 g5 28. Bh3 Bc8 29. Bxc8 Qxc8 30. fxg5 Qg4 31. Nh4 fxg5 32. Nf5 Qxh5 33. Nxd6 Rf8 34. Nf5 Be5 35. d6 Rc6 36. Ne7+ 1-0

[Event "ROM-ch (Women)"]
[Site "Sarata Monteoru"]
[Date "2011.02.19"]
[Round "8"]
[White "Lolici, Iselin Amanda"]
[Black "Baciu, Anca Otilia"]
[Result "0-1"]
[WhiteElo "1988"]
[BlackElo "2123"]
[PlyCount "50"]
[EventDate "2011.02.12"]
[EventType "swiss"]
[EventRounds "9"]
[EventCountry "ROU"]
[SourceTitle "CBM 140 Extra"]
[Source "ChessBase"]
[SourceDate "2011.03.01"]
[SourceVersion "1"]
[SourceVersionDate "2011.03.01"]
[SourceQuality "1"]

1. c4 c5 2. g3 Nc6 3. Bg2 g6 4. Nc3 Bg7 5. e4 e6 6. Nge2 d6 7. d3 Nge7 8. 0-0 0-0 9. f4 Rb8 10. Rb1 Nd4 11. Be3 Bd7 12. b4 b6 13. b5 Nxe2+ 14. Nxe2 d5 15. cxd5 exd5 16. d4 dxe4 17. dxc5 Nf5 18. Qc1 Nxe3 19. Qxe3 bxc5 20. Qxc5 Bg4 21. Rfd1 Qa5 22. Qc2 Rbc8 23. Qxe4 Rce8 24. Qb4 Qb6+ 25. Kh1 Rxe2 0-1

[Event "ROM-ch (Women)"]
[Site "Sarata Monteoru"]
[Date "2011.02.13"]
[Round "2"]
[White "L'Ami, Alina"]
[Black "Baciu, Anca Otilia"]
[Result "1/2-1/2"]
[WhiteElo "2331"]
[BlackElo "2123"]
[PlyCount "55"]
[EventDate "2011.02.12"]
[EventType "swiss"]
[EventRounds "9"]
[EventCountry "ROU"]
[SourceTitle "CBM 140 Extra"]
[Source "ChessBase"]
[SourceDate "2011.03.01"]
[SourceVersion "1"]
[SourceVersionDate "2011.03.01"]
[SourceQuality "1"]

1. d4 Nf6 2. c4 e6 3. Nc3 Bb4 4. Qc2 c5 5. dxc5 0-0 6. a3 Bxc5 7. Nf3 Be7 8. Bf4 a6 9. Rd1 b6 10. e3 Bb7 11. Be2 d6 12. 0-0 Qc7 13. Rd2 Nbd7 14. Rfd1 Ne5 15. Nxe5 dxe5 16. Bg3 Rfd8 17. Rxd8+ Rxd8 18. Rxd8+ Bxd8 19. f3 h5 20. Qd2 Be7 21. b4 Nd7 22. Bf2 h4 23. Bd1 e4 24. Nxe4 Bxe4 25. fxe4 Ne5 26. c5 bxc5 27. bxc5 Qxc5 28. a4 1/2-1/2

[Event "ROM-chT (Women)"]
[Site "Baile Herculane"]
[Date "2010.09.10"]
[Round "7.12"]
[White "Baciu, Anca Otilia"]
[Black "Chirita, Andra Marina"]
[Result "1/2-1/2"]
[WhiteElo "2130"]
[BlackElo "1995"]
[PlyCount "80"]
[EventDate "2010.09.04"]
[EventType "team-tourn"]
[EventRounds "9"]
[EventCountry "ROU"]
[SourceTitle "EXT 2021"]
[Source "ChessBase"]
[SourceDate "2020.10.23"]
[SourceVersion "1"]
[SourceVersionDate "2020.10.23"]
[SourceQuality "1"]

1. e4 d5 2. exd5 Qxd5 3. Nc3 Qd8 4. d4 Nf6 5. Be3 c6 6. Bd3 Bg4 7. Nge2 e6 8. Qd2 Bxe2 9. Nxe2 Nbd7 10. 0-0-0 Qc7 11. f3 0-0-0 12. Bf4 Bd6 13. Bxd6 Qxd6 14. Qa5 Kb8 15. c4 c5 16. dxc5 Qxc5 17. Qxc5 Nxc5 18. Bc2 Kc7 19. b4 Ncd7 20. Kb2 Ne5 21. Kc3 a6 22. Rd4 b5 23. cxb5 axb5 24. a4 Nd5+ 25. Kb2 Nc6 26. Rg4 Ndxb4 27. Rd1 Rxd1 28. Bxd1 Rd8 29. axb5 Rxd1 30. bxc6 Rd2+ 31. Kc3 Rxe2 32. Kxb4 g6 33. Kc5 Rc2+ 34. Kd4 Kxc6 35. Ke5 h5 36. Rf4 Rxg2 37. Rxf7 Rxh2 38. Kxe6 Rf2 39. Rg7 Rxf3 40. Rxg6 h4 1/2-1/2

[Event "ROM-chT (Women)"]
[Site "Baile Herculane"]
[Date "2010.09.05"]
[Round "2.12"]
[White "Plass, Mariana Camelia"]
[Black "Baciu, Anca Otilia"]
[Result "1-0"]
[WhiteElo "2134"]
[BlackElo "2130"]
[PlyCount "79"]
[EventDate "2010.09.04"]
[EventType "team-tourn"]
[EventRounds "9"]
[EventCountry "ROU"]
[SourceTitle "EXT 2021"]
[Source "ChessBase"]
[SourceDate "2020.10.23"]
[SourceVersion "1"]
[SourceVersionDate "2020.10.23"]
[SourceQuality "1"]

1. d4 Nf6 2. Nf3 e6 3. c4 b6 4. g3 Bb7 5. Bg2 Be7 6. Nc3 0-0 7. 0-0 Ne4 8. Qc2 Nxc3 9. Qxc3 f5 10. h4 Bf6 11. Bg5 d6 12. Qe3 Qe7 13. Bh3 Bxg5 14. Nxg5 e5 15. d5 Bc8 16. Bg2 Na6 17. Qa3 Bb7 18. b4 Rf6 19. e3 Qd7 20. Rfd1 e4 21. Bf1 c5 22. dxc6 Qxc6 23. c5 b5 24. cxd6 Qd7 25. Qb3+ Kh8 26. a4 bxa4 27. Qxa4 Nb8 28. Qxd7 Nxd7 29. Bb5 Bc8 30. Bc6 Rb8 31. Rxa7 Ne5 32. d7 Bxd7 33. Bxd7 h6 34. Nh3 Rf7 35. Rc7 Rxb4 36. Rc8+ Kh7 37. Be6 Rf6 38. Bg8+ Kh8 39. Nf4 Rb2 40. h5 1-0

[Event "ROM-chT (Women)"]
[Site "Baile Herculane"]
[Date "2010.09.04"]
[Round "1.12"]
[White "Baciu, Anca Otilia"]
[Black "Dragomirescu, Angela"]
[Result "1-0"]
[WhiteElo "2130"]
[BlackElo "2168"]
[PlyCount "128"]
[EventDate "2010.09.04"]
[EventType "team-tourn"]
[EventRounds "9"]
[EventCountry "ROU"]
[SourceTitle "EXT 2021"]
[Source "ChessBase"]
[SourceDate "2020.10.23"]
[SourceVersion "1"]
[SourceVersionDate "2020.10.23"]
[SourceQuality "1"]

1. e4 d6 2. d4 Nf6 3. f3 g6 4. Be3 c6 5. Nc3 Nbd7 6. Qd2 b5 7. h4 Nb6 8. Bd3 Bg7 9. Nge2 Bb7 10. Bh6 Bxh6 11. Qxh6 e5 12. dxe5 dxe5 13. 0-0-0 Qe7 14. h5 0-0-0 15. hxg6 fxg6 16. Qe3 Kb8 17. a3 Nfd7 18. Kb1 Nc5 19. Nc1 Bc8 20. N1a2 Be6 21. Nb4 Kb7 22. Be2 a5 23. Nd3 Nxd3 24. Rxd3 b4 25. axb4 axb4 26. Rxd8 Rxd8 27. Na2 Ra8 28. b3 c5 29. Qd2 Ra3 30. Bb5 Ra5 31. Qd3 Qf7 32. Nc1 c4 33. Bxc4 Nxc4 34. bxc4 Bxc4 35. Qd8 Ra6 36. Qh8 Ba2+ 37. Kb2 Qc7 38. Rxh7 Bf7 39. Rxf7 Qxf7 40. Qxe5 Qd7 41. Nb3 Qd6 42. Nc5+ Ka7 43. Qg7+ Kb6 44. Nxa6 Kxa6 45. Kb3 Qg3 46. Kxb4 Qxg2 47. Qf6+ Kb7 48. c4 Qg1 49. Qe7+ Kc6 50. Qe6+ Kc7 51. Qe5+ Kd7 52. Qd5+ Ke8 53. e5 Qb1+ 54. Kc5 Qb3 55. Qe6+ Kf8 56. Qf6+ Kg8 57. Qxg6+ Kh8 58. Qf6+ Kh7 59. Qc6 Qa3+ 60. Kb6 Qb2+ 61. Qb5 Qf2+ 62. c5 Qxf3 63. c6 Qe4 64. c7 Qf5 1-0